| 000 | 00895nas a2200313 4500 | ||
|---|---|---|---|
| 001 | BR2014000584 | ||
| 003 | BR-BrBNA | ||
| 005 | 20231205123638.0 | ||
| 007 | ta | ||
| 008 | 230509b bl.|||p| |||| 00| 00por d | ||
| 040 |
_aBR-BrBNA _bpor _cBiblioteca Nacional de Agricultura |
||
| 041 | _a(En) | ||
| 072 | _aF02; F30 | ||
| 100 | 1 | _aBuzzello, G.L. | |
| 100 | 1 | _aTrezzi, M.M. | |
| 100 | 1 | _aMarchese, J.A. | |
| 100 | 1 | _aXavier, E. | |
| 100 | 1 | _aMiotto Junior, E. | |
| 100 | 1 | _aPatel, F. | |
| 100 | 1 | _aDebastiani, F. | |
| 245 | 1 | _aAction of auxin inhibitors on growth and grain yield of soybean | |
| 650 | _aSOJA | ||
| 650 | _aGENÓTIPO | ||
| 650 | _aREGULADOR DE CRESCIMENTO | ||
| 650 | _aRENDIMENTO | ||
| 773 | 0 |
_tRevista Ceres (Brazil) _xISSN 0034-737X _g(Sep-Oct 2013), v. 60(5) p. 621-628 _wBR2014000584 |
|
| 909 |
_a202311 _bLúcia _c55 _dLúcia Elande |
||
| 942 |
_2AGRIS _n0 _cANA |
||
| 999 |
_c234966 _d234966 |
||